00226nam a2200097Ia 4500008004100000100001500041245004100056260000900097942000700106999001500113190216s9999||||xx |||||||||||||| ||und|| aShukla M.C 0aBusiness Organization And Management bNull cBK c3900d3900